LIBRARY & INFORMATION CENTRE, KCAET, TAVANUR

ONLINE PUBLIC ACCESS CATALOGUE (OPAC)

Autobiography / (Record no. 412)

MARC details
000 -LEADER
fixed length control field 00348cam a2200145ua 4500
041 ## - LANGUAGE CODE
Language code of text/sound track or separate title eng
082 ## - DEWEY DECIMAL CLASSIFICATION NUMBER
Classification number 928.23
Item number TRO/AU
100 ## - MAIN ENTRY--AUTHOR NAME
Personal name Trollope, Anthony.
245 ## - TITLE STATEMENT
Title Autobiography /
260 ## - PUBLICATION, DISTRIBUTION, ETC. (IMPRINT)
Place of publication :
Name of publisher Geoffrey Cumberlege ,
Year of publication 1950.
300 ## - PHYSICAL DESCRIPTION
Number of Pages 411 ; .
942 ## - ADDED ENTRY ELEMENTS (KOHA)
Koha item type Books
Holdings
Withdrawn status Lost status Damaged status Home library Current library Date acquired Full call number Accession Number Koha item type
Withdrawn     Sanskrit University KAUAET 07/04/2012 928.23 5018 Books
free website counter